000 01020nam a2200349Ia 4500
003 OSt
005 20220912144631.0
006 a|||||r|||| 00| 0
007 ta
008 220909b |||||||| |||| 00| 0 eng d
020 _a9780470089859 (pbk)
020 _aSL01536226
024 _a166833
037 _b632, 04/01/2012, Aviva Books Company
037 _cTextual
040 _aCSL
_beng
_cCSL
041 _aeng
082 _aG11:(9S:71), P7;1
100 _aClaverie Jean-Michel; Notredame Cedric
245 0 _aBioinformatics for dummies
250 _a2
260 _aNew York
_bNew USA
_c2007
300 _axviii;436p.
650 _a Bio-Informatics
650 _a DNA Sequence
650 _a Nucleotide
650 _a Protein sequence
650 _aAnthropology
700 _aClaverie Jean-Michel; Notredame Cedric
942 _hG11:(9S:71), P7;1
_cTEXL
_2CC
999 _c14195
_d14195